Poemas (1935-1975) / (Record no. 22200)

MARC details
000 -LEADER
campo de control de longitud fija 00613nam a2200205 i 4500
001 - NÚMERO DE CONTROL
campo de control 22200
003 - IDENTIFICADOR DE NÚMERO DE CONTROL
campo de control SpMaBN
005 - FECHA Y HORA DE LA ÚLTIMA TRANSACCIÓN
campo de control 20250809063451.0
008 - DATOS DE LONGITUD FIJA--INFORMACIÓN GENERAL
campo de control de longitud fija 161027s1979 sp fo ||||0| spa d
020 ## - NÚMERO INTERNACIONAL ESTÁNDAR DEL LIBRO
Número Internacional Estándar del Libro 84-322-9521-3
080 ## - NÚMERO DE LA CLASIFICACIÓN DECIMAL UNIVERSAL
Número de la Clasificación Decimal Universal 821.134.2(72)-14"19"
100 1# - ENTRADA PRINCIPAL--NOMBRE DE PERSONA
Nombre de persona Paz, Octavio,
Fechas asociadas al nombre 1914-1998
9 (RLIN) 89753
245 10 - MENCIÓN DEL TÍTULO
Título Poemas (1935-1975) /
Mención de responsabilidad, etc. Octavio Paz.
250 ## - MENCION DE EDICION
Mención de edición 1ª ed.
260 ## - PUBLICACIÓN, DISTRIBUCIÓN, ETC.
Lugar de publicación, distribución, etc. Barcelona :
Nombre del editor, distribuidor, etc. Seix Barral,
Fecha de publicación, distribución, etc. 1979.
300 ## - DESCRIPCIÓN FÍSICA
Extensión 719 p., [16] p. de lám. ;
Dimensiones 21 cm.
500 ## - NOTA GENERAL
Nota general Índices.
852 ## - LOCALIZACIÓN
Ubicación ES-MaACL
Número de control de estantería L-30715
Nota libre - enc. tela
-- . - Donat. Miguel A. Velasco
Holdings
Estatus retirado Estado de pérdida Estado de daño No para préstamo Biblioteca de origen Biblioteca actual Ubicación en estantería Fecha de adquisición Fuente de adquisición Total de préstamos Signatura topográfica completa Código de barras Visto por última vez Precio de reemplazo Tipo de ítem Koha
        Biblioteca del Ateneo de Madrid Biblioteca del Ateneo de Madrid Depósito 2 27/10/2016     L-30715 1196503 23/02/2023 23/02/2023 Libro impreso